English for students of economics II.
Gespeichert in:
| 1. Verfasser: | |
|---|---|
| Körperschaft: | |
| Weitere Verfasser: | |
| Format: | Buch |
| Sprache: | Englisch Slowakisch |
| Veröffentlicht: |
Bratislava
Ekonóm
2002
|
| Schlagworte: | |
| Tags: |
Keine Tags, Fügen Sie das erste Tag hinzu!
|
MARC
| LEADER | 00000nam a2200000 4500 | ||
|---|---|---|---|
| 001 | c134389 | ||
| 005 | 20221219093753.9 | ||
| 020 | |a 80-225-1549-3 | ||
| 041 | 0 | |a eng | |
| 041 | 0 | |a slo | |
| 044 | |a SK | ||
| 245 | 1 | 0 | |a English for students of economics II. |c Zuzana Bričová, Katarína Radvanská |
| 264 | 1 | |a Bratislava |b Ekonóm |c 2002 | |
| 300 | |a 175 s. | ||
| 610 | 2 | 0 | |a jazykoveda |
| 610 | 2 | 0 | |a terminológia |
| 610 | 2 | 0 | |a ekonómia |
| 610 | 2 | 0 | |a angličtina |
| 100 | 1 | |a Bričová, Zuzana | |
| 700 | 1 | |a Radvanská, Katarína | |
| 710 | 2 | |a Ekonomická univerzita v Bratislave. Podnikovohospodárska fakulta so sídlom v Košiciach | |